| 000 | 01916nam a22001577a 4500 | ||
|---|---|---|---|
| 041 | _aukr | ||
| 080 | _a09 | ||
| 090 | _bБОБ | ||
| 100 | _aБобрик С. В. | ||
| 245 | _aСпособи творення термінів у сучасній англійській мові | ||
| 260 |
_aОстрог _bКАФ _c2004 |
||
| 300 | _a60 | ||
| 520 |
_aРозділ 1. Специфіка словотвірної системи простих та похідних термінів.
1.1. Попередні зауваження. Класифікація способів творення термінів.
1.2. Семантичний спосіб творення.
1.3. Морфологічний спосіб термінотворення.
1.4. Морфолого-синтаксичний тип словотвору.
1.5. Запозичення у економічній термінології.
Розділ 2. Словотворчі особливості складних та складених термінів.
2.1. Основоскладання основний шлях творення термінів-композитів.
2.2. Словосполучення як спосіб термінологічної номінації.
2.3. Абревіація.
Розділ 3. Подібності та відмінності у структурному складі англійської та української термінології.
3.1. Осодливості структурно-порівняльного аналізу.
3.2. Порівняльно-типологічний аналіз однослівних термінів.
3.3. Характеристика структурних відповідностей термінологічних словосполучень. _0Термін, словотвір, словосполучення. |
||
| 650 | _aResearch Papers | ||
| 999 |
_c282572 _d282572 |
||
| 942 | _cBK | ||